000 00622nam a2200229Ia 4500
003 OSt
005 20220817091941.0
008 220817b |||||||| |||| 00| 0 eng d
020 _a9780070077935
040 _cIFM Library
082 _a658.404
100 _aChandra, Prasanna
_9560
245 _aProjects: Planning: Analysis,Selection,Financing,Implementation and Review.
250 _a7th ed
260 _aNew Delhi:
260 _bTata McGraw Hill,
260 _c2009
300 _axxi, 745p.
_b: ill.; 24cm.
500 _aIncludes Index
650 _aProject Management
_93205
942 _cBK
_2ddc
_e7th ed.
_n0
999 _c11763
_d11763